000 00282nam a2200121Ia 4500
005 20251222144752.0
008 251222s9999||||xx |||||||||||||| ||spa||
082 _a770.944.36/W78
100 _aVitoux, D'Alfred
245 0 _aParis vu du Louvre
264 _bAdam Biro
942 _cLIB
999 _c19382
_d19382